Statistics for Guess the Goo Goo Dolls song based on the lyric

Click here to take the quiz!

General Stats

  • This quiz has been taken 5 times
  • The average score is 10 of 20

Answer Stats

HintAnswer% Correct
And I don't want the world to see me, 'cause I don't think that they'd understandIris
100%
Love and sex and loneliness, take what's yours and leave the rest, so I'll surviveBig Machine
80%
A thousand other boys could never reach you, how could I have been the oneBlack Balloon
80%
See the young man sittin' at the old man's bar, waitin' for his turn to dieBroadway
80%
Scars are souvenirs you never lose, the past is never farName
80%
Oh may, do you wanna get married? Or run away?Slide
80%
'Cause tonights the night the world begins againBetter Days
60%
And I want to get free, talk to me, I can feel you fallingHere Is Gone
60%
What's the point in all this screaming? No one's listening anywayAcoustic #3
40%
And when we're old and near the end, we'll go home and start againCome To Me
40%
Everything you are, falls from the sky like a starDizzy
40%
And now I'm banging on the door of an angel, the end of fear is where we beginLet Love In
40%
Yeah I'm fading, and I call out, no one hears meNaked
40%
Hey you, look around, can you hear that noise its a rebel soundRebel Beat
40%
You can make it on a wish if you want toSo Alive
40%
I killed myself from the inside out, and all my fears have pushed you outSympathy
40%
Do you think, that I'll ever be? 'Cause all I ever wanted, so far goneFallin' Down
20%
Touch me now and I don't care, when you take me I'm not thereLong Way Down
20%
All of my life, all of my doubts, all of my ups keep keeping me downMiracle Pill
20%
And I would give you everything just to feel your open armsWithout You Here
20%

Score Distribution

Percentile by Number Answered

Percent of People with Each Score

Your Score History

You have not taken this quiz